000 00443nam a2200181Ia 4500
001 1836
005 20260306143758.0
008 260306t2004||||xx |||||||||||||| ||spa||
041 _aESP
082 _a155.7
_bA77
100 _aArranz Freijo, Enrique (Coord.)
_eAUT
245 0 _aFamilia y desarrollo psicológico
260 _c2004
300 _aXI, 241 páginas :
_c24 cm.
650 _aGEN
654 _aCPS
942 _cLIB
_dJUS
_fJUS
_2ddc
_n
999 _c1836
_d1836